[Event "RUS-chT Premier 2021"]
[White "Usmanov,Vasily"]
[Black "Esipenko,Andrey"]
[WhiteTeam "СШОР"]
[BlackTeam "Медный всадник"]
[Site "Sochi"]
[Round "2.15"]
[Annotator "ChessBase"]
[Result "0-1"]
[Date "2021.05.02"]
[WhiteElo "2447"]
[BlackElo "2701"]
[PlyCount "84"]
[TimeControl "60"]

1. c4 {[%emt 0:0:0]} Nf6 {[%emt 0:0:0]} 2. Nc3 {[%emt 0:0:0]} e5 {[%emt 0:0:36]
} 3. Nf3 {[%emt 0:0:0]} Nc6 {[%emt 0:0:6]} 4. e4 {[%emt 0:0:0]} Bb4 {[%emt 0:0:47]} 5. d3 {[%emt 0:0:8]} d6 {[%emt 0:0:28]} 6. a3 {[%emt 0:0:5]
} Bxc3+ {[%emt 0:2:33]} 7. bxc3 {[%emt 0:0:5]} 0-0 {[%emt 0:0:0]} 8. g3 {[%emt 0:0:15]} Nd7 {[%emt 0:1:25]} 9. Nh4 {[%emt 0:0:16]} a6 {[%emt 0:1:48]} 10. a4 {[%emt 0:0:15]} Nc5 {[%emt 0:1:37]} 11. Bg2 {[%emt 0:0:0]} Na5 {[%emt 0:10:9]} 12. Be3 {[%emt 0:9:6]} Bd7 {[%emt 0:0:26]} 13. 0-0 {[%emt 0:0:16]} b5 {[%emt 0:2:6]} 14. axb5 {[%emt 0:2:25]} axb5 {[%emt 0:0:13]
} 15. cxb5 {[%emt 0:6:17]} Bxb5 {[%emt 0:0:4]} 16. c4 {[%emt 0:0:22]
} Bd7 {[%emt 0:0:19]} 17. Nf5 {[%emt 0:14:20]} Ne6 {[%emt 0:0:0]} 18. Qg4 {[%emt 0:14:16]} Kh8 {[%emt 0:22:5]} 19. f4 {[%emt 0:15:50]} Nc6 {[%emt 0:1:33]} 20. Rxa8 {[%emt 0:0:5]} Qxa8 {[%emt 0:0:2]} 21. fxe5 {[%emt 0:0:32]
} Nxe5 {[%emt 0:0:5]} 22. Qe2 {[%emt 0:0:25]} Qa6 {[%emt 0:0:0]} 23. d4 {[%emt 0:11:28]} Qxc4 {[%emt 0:6:50]} 24. Qb2 {[%emt 0:1:45]} Nd3 {[%emt 0:8:10]} 25. Qa1 {[%emt 0:0:1]} f6 {[%emt 0:2:15]} 26. Rd1 {[%emt 0:0:0]} Nb4 {[%emt 0:1:41]} 27. Rc1 {[%emt 0:3:47]} Qb5 {[%emt 0:1:4]} 28. d5 {[%emt 0:5:14]} Nc5 {[%emt 0:0:28]} 29. Bxc5 {[%emt 0:7:12]} dxc5 {[%emt 0:0:32]
} 30. Qc3 {[%emt 0:1:10]} Qb8 {[%emt 0:5:21]} 31. Ra1 {[%emt 0:0:0]} Bxf5 {[%emt 0:2:57]} 32. exf5 {[%emt 0:0:6]} Qb6 {[%emt 0:0:33]} 33. Qc4 {[%emt 0:0:8]} Re8 {[%emt 0:0:38]} 34. Kh1 {[%emt 0:1:17]} Qd6 {[%emt 0:1:10]
} 35. g4 {[%emt 0:0:31]} h6 {[%emt 0:0:19]} 36. h3 {[%emt 0:0:0]} Re3 {[%emt 0:1:3]} 37. Qb5 {[%emt 0:0:39]} Kh7 {[%emt 0:0:53]} 38. Rc1 {[%emt 0:0:49]} Nd3 {[%emt 0:0:48]} 39. Rf1 {[%emt 0:0:17]} Qg3 {[%emt 0:0:0]} 40. d6 {[%emt 0:0:0]} Nf2+ {[%emt 0:0:0]} 41. Rxf2 {[%emt 0:0:45]} Qxf2 {[%emt 0:0:27]} 42. dxc7 {[%emt 0:0:41]} Re1+ {[%emt 0:0:5]} 0-1

[Event "RUS-chT Premier 2021"]
[White "Fedoseev,Vladimir"]
[Black "Pershin,Denis"]
[WhiteTeam "Медный всадник"]
[BlackTeam "СШОР"]
[Site "Sochi"]
[Round "2.16"]
[Annotator "ChessBase"]
[Result "1-0"]
[Date "2021.05.02"]
[WhiteElo "2687"]
[BlackElo "2391"]
[PlyCount "57"]
[TimeControl "60"]

1. Nf3 {[%emt 0:0:0]} d5 {[%emt 0:0:0]} 2. g3 {[%emt 0:0:0]} g6 {[%emt 0:0:0]} 3. Bg2 {[%emt 0:0:0]} Bg7 {[%emt 0:0:0]} 4. d4 {[%emt 0:0:14]} Nf6 {[%emt 0:0:28]} 5. 0-0 {[%emt 0:0:12]} 0-0 {[%emt 0:0:42]} 6. c4 {[%emt 0:0:0]} c6 {[%emt 0:0:35]} 7. Qa4 {[%emt 0:0:17]} Qb6 {[%emt 0:11:24]} 8. Nc3 {[%emt 0:3:51]} Qa6 {[%emt 0:2:33]} 9. Qxa6 {[%emt 0:21:20]} Nxa6 {[%emt 0:0:0]} 10. cxd5 {[%emt 0:0:13]} cxd5 {[%emt 0:2:10]} 11. Bf4 {[%emt 0:2:35]
} Rd8 {[%emt 0:9:2]} 12. Rfc1 {[%emt 0:7:32]} Bd7 {[%emt 0:2:27]} 13. Ne5 {[%emt 0:2:19]
} Be8 {[%emt 0:0:53]} 14. Nd3 {[%emt 0:5:34]} Rac8 {[%emt 0:0:0]} 15. e3 {[%emt 0:3:46]} Nc7 {[%emt 0:8:58]} 16. a4 {[%emt 0:2:2]} e6 {[%emt 0:32:27]
} 17. Nc5 {[%emt 0:9:37]} Bc6 {[%emt 0:2:1]} 18. b4 {[%emt 0:0:0]} b6 {[%emt 0:0:9]} 19. Bxc7 {[%emt 0:2:34]} Rxc7 {[%emt 0:0:5]} 20. Nxe6 {[%emt 0:0:22]} fxe6 {[%emt 0:4:14]} 21. Nb5 {[%emt 0:0:7]} Bxb5 {[%emt 0:0:12]
} 22. Rxc7 {[%emt 0:0:8]} Bc4 {[%emt 0:0:57]} 23. Rxa7 {[%emt 0:0:40]
} Bf8 {[%emt 0:1:5]} 24. a5 {[%emt 0:0:50]} Rb8 {[%emt 0:0:0]} 25. a6 {[%emt 0:1:13]} Bd6 {[%emt 0:12:24]} 26. Bh3 {[%emt 0:0:32]} Ne8 {[%emt 0:0:31]} 27. Bxe6+ {[%emt 0:0:12]} Kh8 {[%emt 0:0:4]} 28. Bd7 {[%emt 0:1:53]
} Bxb4 {[%emt 0:4:4]} 29. Rb7 {[%emt 0:0:12]} 1-0

[Event "RUS-chT Premier 2021"]
[White "Askerov,Marat"]
[Black "Sakaev,Konstantin"]
[WhiteTeam "СШОР"]
[BlackTeam "Медный всадник"]
[Site "Sochi"]
[Round "2.17"]
[Annotator "ChessBase"]
[Result "0-1"]
[Date "2021.05.02"]
[WhiteElo "2353"]
[BlackElo "2604"]
[PlyCount "76"]
[TimeControl "60"]

1. d4 {[%emt 0:0:0]} d5 {[%emt 0:0:0]} 2. c4 {[%emt 0:0:0]} e6 {[%emt 0:0:0]} 3. Nc3 {[%emt 0:0:50]} c6 {[%emt 0:0:0]} 4. cxd5 {[%emt 0:0:19]} exd5 {[%emt 0:0:18]} 5. Bf4 {[%emt 0:2:53]} Bf5 {[%emt 0:6:1]} 6. e3 {[%emt 0:4:29]
} Nf6 {[%emt 0:7:3]} 7. h3 {[%emt 0:7:7]} Qb6 {[%emt 0:9:25]
} 8. Qc1 {[%emt 0:4:48]} Nbd7 {[%emt 0:0:54]} 9. Nf3 {[%emt 0:1:30]} Be7 {[%emt 0:2:47]
} 10. Be2 {[%emt 0:2:59]} 0-0 {[%emt 0:1:13]} 11. 0-0 {[%emt 0:0:0]} h6 {[%emt 0:5:28]} 12. Rd1 {[%emt 0:9:14]} a5 {[%emt 0:1:55]} 13. Bd3 {[%emt 0:6:18]} Bxd3 {[%emt 0:0:29]} 14. Rxd3 {[%emt 0:0:3]} Qd8 {[%emt 0:11:40]
} 15. Rd1 {[%emt 0:19:25]} Nb6 {[%emt 0:3:51]} 16. Qc2 {[%emt 0:0:0]} Re8 {[%emt 0:4:16]} 17. Ne5 {[%emt 0:3:37]} Bf8 {[%emt 0:2:59]} 18. Nd3 {[%emt 0:10:50]} Nfd7 {[%emt 0:6:59]} 19. Na4 {[%emt 0:2:22]} Nxa4 {[%emt 0:1:20]
} 20. Qxa4 {[%emt 0:0:3]} Nb6 {[%emt 0:4:20]} 21. Qc2 {[%emt 0:0:38]
} Nc4 {[%emt 0:3:8]} 22. Nc5 {[%emt 0:5:8]} Ra7 {[%emt 0:0:0]} 23. b3 {[%emt 0:1:47]} Nd6 {[%emt 0:4:2]} 24. a3 {[%emt 0:1:1]} Nb5 {[%emt 0:2:34]
} 25. Qb2 {[%emt 0:3:51]} Bxc5 {[%emt 0:2:22]} 26. dxc5 {[%emt 0:0:2]
} a4 {[%emt 0:0:9]} 27. b4 {[%emt 0:5:36]} Ra8 {[%emt 0:1:54]
} 28. Rd3 {[%emt 0:0:25]} Qh4 {[%emt 0:1:47]} 29. Rad1 {[%emt 0:0:50]} Re6 {[%emt 0:1:9]
} 30. Qc2 {[%emt 0:2:56]} Qf6 {[%emt 0:3:10]} 31. Kh2 {[%emt 0:0:0]} h5 {[%emt 0:0:59]} 32. Kg1 {[%emt 0:0:31]} h4 {[%emt 0:2:1]} 33. Bh2 {[%emt 0:1:19]} Re4 {[%emt 0:1:37]} 34. Qd2 {[%emt 0:1:46]} Rae8 {[%emt 0:0:43]
} 35. f3 {[%emt 0:0:24]} Rc4 {[%emt 0:4:0]} 36. Kf2 {[%emt 0:0:0]} Nc3 {[%emt 0:0:22]} 37. Bf4 {[%emt 0:0:56]} Nxd1+ {[%emt 0:0:39]} 38. Qxd1 {[%emt 0:0:4]} Qb2+ {[%emt 0:0:40]} 0-1

[Event "RUS-chT Premier 2021"]
[White "Ponkratov,Pavel"]
[Black "Timerkhanov,Alexander"]
[WhiteTeam "Медный всадник"]
[BlackTeam "СШОР"]
[Site "Sochi"]
[Round "2.18"]
[Annotator "ChessBase"]
[Result "1-0"]
[Date "2021.05.02"]
[WhiteElo "2619"]
[BlackElo "2400"]
[PlyCount "63"]
[TimeControl "60"]

1. d4 {[%emt 0:0:0]} d5 {[%emt 0:0:0]} 2. c4 {[%emt 0:0:0]} c6 {[%emt 0:0:0]} 3. Nc3 {[%emt 0:0:0]} Nf6 {[%emt 0:0:0]} 4. Nf3 {[%emt 0:0:0]} a6 {[%emt 0:0:0]} 5. e3 {[%emt 0:6:34]} Bf5 {[%emt 0:0:31]} 6. Nh4 {[%emt 0:0:0]} Be6 {[%emt 0:5:28]} 7. Be2 {[%emt 0:5:8]} g5 {[%emt 0:11:59]} 8. Nf3 {[%emt 0:1:14]} g4 {[%emt 0:1:20]} 9. Ne5 {[%emt 0:7:23]} Rg8 {[%emt 0:0:0]} 10. Qb3 {[%emt 0:2:16]} Ra7 {[%emt 0:2:24]} 11. cxd5 {[%emt 0:1:18]} cxd5 {[%emt 0:2:13]} 12. Bd2 {[%emt 0:0:43]} Bh6 {[%emt 0:14:17]} 13. Rc1 {[%emt 0:2:52]
} Kf8 {[%emt 0:1:35]} 14. Qa3 {[%emt 0:8:48]} Ra8 {[%emt 0:0:0]} 15. Nb5 {[%emt 0:11:40]} Nbd7 {[%emt 0:13:13]} 16. Ba5 {[%emt 0:6:32]} Qb8 {[%emt 0:10:11]} 17. Nc7 {[%emt 0:2:28]} Ra7 {[%emt 0:0:8]} 18. Nxd7+ {[%emt 0:5:56]
} Nxd7 {[%emt 0:0:14]} 19. Bb4 {[%emt 0:4:48]} Bg5 {[%emt 0:0:0]} 20. Nxe6+ {[%emt 0:3:19]} fxe6 {[%emt 0:0:4]} 21. Bxg4 {[%emt 0:0:6]} Kf7 {[%emt 0:2:9]} 22. Bh5+ {[%emt 0:0:7]} Kf8 {[%emt 0:0:6]} 23. 0-0 {[%emt 0:0:9]
} a5 {[%emt 0:0:45]} 24. f4 {[%emt 0:0:54]} Bh4 {[%emt 0:2:36]
} 25. Bd2 {[%emt 0:1:17]} Nf6 {[%emt 0:0:22]} 26. Bf3 {[%emt 0:0:4]} Kf7 {[%emt 0:4:44]
} 27. Qd3 {[%emt 0:0:6]} Qf8 {[%emt 0:1:33]} 28. Rc7 {[%emt 0:0:0]} Qh6 {[%emt 0:0:17]} 29. f5 {[%emt 0:1:23]} Ne8 {[%emt 0:3:31]} 30. fxe6+ {[%emt 0:0:9]} Kg7 {[%emt 0:0:4]} 31. Rd7 {[%emt 0:0:15]} Qxe6 {[%emt 0:0:37]
} 32. Bxd5 {[%emt 0:0:12]} 1-0

[Event "RUS-chT Premier 2021"]
[White "Predke,Alexandr"]
[Black "Andreikin,Dmitry"]
[WhiteTeam "Шахматная сборная Москвы"]
[BlackTeam "КПРФ"]
[Site "Sochi"]
[Round "2.19"]
[Annotator "ChessBase"]
[Result "1/2-1/2"]
[Date "2021.05.02"]
[WhiteElo "2690"]
[BlackElo "2725"]
[PlyCount "129"]
[TimeControl "60"]

1. d4 {[%emt 0:0:0]} d5 {[%emt 0:0:0]} 2. c4 {[%emt 0:0:0]} e6 {[%emt 0:0:0]} 3. Nf3 {[%emt 0:0:0]} Nf6 {[%emt 0:0:0]} 4. g3 {[%emt 0:0:3]} Bb4+ {[%emt 0:0:0]} 5. Bd2 {[%emt 0:0:17]} Be7 {[%emt 0:0:6]} 6. Bg2 {[%emt 0:0:7]
} 0-0 {[%emt 0:0:7]} 7. 0-0 {[%emt 0:0:6]} Nbd7 {[%emt 0:0:0]} 8. Qc2 {[%emt 0:0:27]} c6 {[%emt 0:0:10]} 9. a4 {[%emt 0:0:46]} a5 {[%emt 0:0:45]
} 10. Bf4 {[%emt 0:0:41]} Nh5 {[%emt 0:0:36]} 11. Bc1 {[%emt 0:0:0]} Nhf6 {[%emt 0:0:14]} 12. Bf4 {[%emt 0:17:21]} Nh5 {[%emt 0:0:34]} 13. Bc1 {[%emt 0:0:3]} Nhf6 {[%emt 0:0:8]} 14. b3 {[%emt 0:0:43]} b6 {[%emt 0:0:0]} 15. Bb2 {[%emt 0:1:50]} Bb7 {[%emt 0:3:25]} 16. Nc3 {[%emt 0:6:7]} Bb4 {[%emt 0:4:9]} 17. Rfd1 {[%emt 0:20:25]} Rc8 {[%emt 0:2:19]} 18. Ne5 {[%emt 0:7:1]
} Qe7 {[%emt 0:20:48]} 19. Nxd7 {[%emt 0:3:28]} Qxd7 {[%emt 0:0:0]} 20. Na2 {[%emt 0:0:3]} Be7 {[%emt 0:1:34]} 21. Nc1 {[%emt 0:2:50]} c5 {[%emt 0:9:2]} 22. dxc5 {[%emt 0:2:33]} bxc5 {[%emt 0:0:12]} 23. e3 {[%emt 0:1:30]
} d4 {[%emt 0:6:50]} 24. exd4 {[%emt 0:2:17]} Bxg2 {[%emt 0:0:0]} 25. Kxg2 {[%emt 0:0:4]} Qb7+ {[%emt 0:0:6]} 26. f3 {[%emt 0:1:26]} Ng4 {[%emt 0:1:32]} 27. Re1 {[%emt 0:12:6]} Bg5 {[%emt 0:20:49]} 28. Nd3 {[%emt 0:0:5]
} Rfd8 {[%emt 0:4:20]} 29. Bc3 {[%emt 0:16:6]} Ne3+ {[%emt 0:0:0]} 30. Rxe3 {[%emt 0:0:6]} Bxe3 {[%emt 0:0:5]} 31. dxc5 {[%emt 0:0:0]} Bd4 {[%emt 0:5:17]} 32. Re1 {[%emt 0:0:3]} Bxc3 {[%emt 0:1:32]} 33. Qxc3 {[%emt 0:0:2]} Rb8 {[%emt 0:0:45]} 34. Rb1 {[%emt 0:2:1]} Qc6 {[%emt 0:4:1]
} 35. Rd1 {[%emt 0:0:34]} Qc7 {[%emt 0:0:54]} 36. Re1 {[%emt 0:0:0]} Qb7 {[%emt 0:2:34]} 37. Rb1 {[%emt 0:0:23]} Qc6 {[%emt 0:3:37]} 38. Rd1 {[%emt 0:0:19]} Qc8 {[%emt 0:0:14]} 39. Re1 {[%emt 0:1:17]} f6 {[%emt 0:0:0]} 40. h4 {[%emt 0:0:0]} e5 {[%emt 0:0:0]} 41. b4 {[%emt 0:13:22]} axb4 {[%emt 0:23:32]} 42. Nxb4 {[%emt 0:0:4]} Ra8 {[%emt 0:0:3]} 43. c6 {[%emt 0:0:25]
} Rxa4 {[%emt 0:0:5]} 44. Re2 {[%emt 0:0:43]} Kh8 {[%emt 0:0:0]} 45. Rb2 {[%emt 0:7:1]} h6 {[%emt 0:2:17]} 46. Qc2 {[%emt 0:2:28]} Ra7 {[%emt 0:1:0]} 47. Qf2 {[%emt 0:0:50]} Ra1 {[%emt 0:1:7]} 48. Qb6 {[%emt 0:3:33]
} e4 {[%emt 0:1:42]} 49. fxe4 {[%emt 0:1:32]} Rdd1 {[%emt 0:0:0]} 50. Nd5 {[%emt 0:0:25]} Rg1+ {[%emt 0:0:49]} 51. Qxg1 {[%emt 0:3:24]} Rxg1+ {[%emt 0:0:7]} 52. Kxg1 {[%emt 0:0:4]} Qxc6 {[%emt 0:0:9]} 53. Rc2 {[%emt 0:2:56]} Qc5+ {[%emt 0:0:6]} 54. Kf1 {[%emt 0:0:15]} Qd4 {[%emt 0:0:0]} 55. Ke2 {[%emt 0:0:2]} Qxe4+ {[%emt 0:1:22]} 56. Ne3 {[%emt 0:0:4]
} g5 {[%emt 0:1:41]} 57. c5 {[%emt 0:0:33]} f5 {[%emt 0:1:5]} 58. Rc4 {[%emt 0:1:0]
} Qe6 {[%emt 0:0:25]} 59. hxg5 {[%emt 0:1:16]} hxg5 {[%emt 0:0:0]} 60. Kd3 {[%emt 0:0:37]} Qd7+ {[%emt 0:1:10]} 61. Ke2 {[%emt 0:0:30]} Qe6 {[%emt 0:0:14]} 62. c6 {[%emt 0:0:34]} f4 {[%emt 0:0:9]} 63. gxf4 {[%emt 0:0:2]
} gxf4 {[%emt 0:0:5]} 64. Rxf4 {[%emt 0:0:12]} Qxc6 {[%emt 0:0:0]} 65. Rf5 {[%emt 0:0:11]} 1/2-1/2

[Event "RUS-chT Premier 2021"]
[White "Dreev,Aleksey"]
[Black "Malakhov,Vladimir"]
[WhiteTeam "КПРФ"]
[BlackTeam "Шахматная сборная Москвы"]
[Site "Sochi"]
[Round "2.20"]
[Annotator "ChessBase"]
[Result "1/2-1/2"]
[Date "2021.05.02"]
[WhiteElo "2647"]
[BlackElo "2665"]
[PlyCount "34"]
[TimeControl "60"]

1. d4 {[%emt 0:0:0]} d5 {[%emt 0:0:0]} 2. c4 {[%emt 0:0:0]} c6 {[%emt 0:0:0]} 3. Nf3 {[%emt 0:0:0]} Nf6 {[%emt 0:0:0]} 4. e3 {[%emt 0:0:7]} g6 {[%emt 0:0:32]} 5. Nc3 {[%emt 0:0:20]} Bg7 {[%emt 0:0:14]} 6. Bd3 {[%emt 0:0:0]} 0-0 {[%emt 0:0:21]} 7. 0-0 {[%emt 0:0:9]} Bg4 {[%emt 0:0:8]} 8. h3 {[%emt 0:0:24]} Bxf3 {[%emt 0:0:19]} 9. Qxf3 {[%emt 0:0:7]} e6 {[%emt 0:0:0]} 10. Rd1 {[%emt 0:0:51]} Nbd7 {[%emt 0:2:13]} 11. Bd2 {[%emt 0:0:16]} Re8 {[%emt 0:2:9]} 12. Be1 {[%emt 0:0:19]} a6 {[%emt 0:0:28]} 13. Rac1 {[%emt 0:0:42]
} Rc8 {[%emt 0:1:9]} 14. a3 {[%emt 0:0:26]} Qe7 {[%emt 0:0:0]} 15. Bf1 {[%emt 0:0:41]} h5 {[%emt 0:1:56]} 16. Qg3 {[%emt 0:3:15]} b5 {[%emt 0:10:23]
} 17. cxd5 {[%emt 0:0:30]} cxd5 {[%emt 0:2:21]} 1/2-1/2

[Event "RUS-chT Premier 2021"]
[White "Inarkiev,Ernesto"]
[Black "Alekseev,Evgeny"]
[WhiteTeam "Шахматная сборная Москвы"]
[BlackTeam "КПРФ"]
[Site "Sochi"]
[Round "2.21"]
[Annotator "ChessBase"]
[Result "1/2-1/2"]
[Date "2021.05.02"]
[WhiteElo "2654"]
[BlackElo "2619"]
[PlyCount "71"]
[TimeControl "60"]

1. e4 {[%emt 0:0:2]} c5 {[%emt 0:1:9]} 2. Nf3 {[%emt 0:0:6]} e6 {[%emt 0:0:0]} 3. d4 {[%emt 0:0:6]} cxd4 {[%emt 0:0:8]} 4. Nxd4 {[%emt 0:0:3]} Nc6 {[%emt 0:0:12]} 5. Nc3 {[%emt 0:0:5]} a6 {[%emt 0:0:12]} 6. Be2 {[%emt 0:0:16]
} d6 {[%emt 0:0:56]} 7. Be3 {[%emt 0:0:6]} Nf6 {[%emt 0:4:37]
} 8. f4 {[%emt 0:0:15]} d5 {[%emt 0:14:21]} 9. e5 {[%emt 0:3:58]} Nd7 {[%emt 0:0:50]
} 10. Qd2 {[%emt 0:0:40]} Bc5 {[%emt 0:5:35]} 11. Nb3 {[%emt 0:0:0]} Bb4 {[%emt 0:14:8]} 12. Bd3 {[%emt 0:18:35]} Qc7 {[%emt 0:8:51]} 13. 0-0 {[%emt 0:7:57]} 0-0 {[%emt 0:7:32]} 14. Qf2 {[%emt 0:8:5]} Be7 {[%emt 0:2:37]
} 15. a3 {[%emt 0:2:32]} b6 {[%emt 0:1:7]} 16. Rae1 {[%emt 0:0:0]} Rb8 {[%emt 0:7:57]} 17. Qg3 {[%emt 0:8:27]} f5 {[%emt 0:1:41]} 18. exf6 {[%emt 0:0:52]} Nxf6 {[%emt 0:0:4]} 19. Nd4 {[%emt 0:4:53]} Bd7 {[%emt 0:16:14]
} 20. Kh1 {[%emt 0:9:7]} b5 {[%emt 0:3:49]} 21. Bg1 {[%emt 0:0:0]} b4 {[%emt 0:5:38]} 22. axb4 {[%emt 0:0:31]} Nxd4 {[%emt 0:0:13]} 23. Bxd4 {[%emt 0:0:5]} Bxb4 {[%emt 0:0:53]} 24. Qh4 {[%emt 0:2:28]} h6 {[%emt 0:0:18]
} 25. Re3 {[%emt 0:3:45]} Bc5 {[%emt 0:1:50]} 26. Be5 {[%emt 0:0:0]} Bd6 {[%emt 0:0:1]} 27. Qg3 {[%emt 0:1:33]} Bxe5 {[%emt 0:1:8]} 28. fxe5 {[%emt 0:0:28]} Ne4 {[%emt 0:0:44]} 29. Rxf8+ {[%emt 0:0:26]} Rxf8 {[%emt 0:0:1]
} 30. Nxe4 {[%emt 0:1:7]} dxe4 {[%emt 0:0:8]} 31. Rxe4 {[%emt 0:0:7]
} Qxc2 {[%emt 0:0:19]} 32. h3 {[%emt 0:0:34]} Qxb2 {[%emt 0:0:0]} 33. Qg6 {[%emt 0:0:59]} Qc1+ {[%emt 0:0:16]} 34. Kh2 {[%emt 0:0:6]} Qg5 {[%emt 0:0:19]} 35. Qxg5 {[%emt 0:0:45]} hxg5 {[%emt 0:0:1]} 36. Bxa6 {[%emt 0:0:2]
} 1/2-1/2

[Event "RUS-chT Premier 2021"]
[White "Zvjaginsev,Vadim"]
[Black "Sjugirov,Sanan"]
[WhiteTeam "КПРФ"]
[BlackTeam "Шахматная сборная Москвы"]
[Site "Sochi"]
[Round "2.22"]
[Annotator "ChessBase"]
[Result "1/2-1/2"]
[Date "2021.05.02"]
[WhiteElo "2614"]
[BlackElo "2663"]
[PlyCount "75"]
[TimeControl "60"]

1. c4 {[%emt 0:0:0]} e5 {[%emt 0:1:30]} 2. Nc3 {[%emt 0:0:0]} Nf6 {[%emt 0:0:27]
} 3. Nf3 {[%emt 0:0:10]} Nc6 {[%emt 0:0:21]} 4. a3 {[%emt 0:0:0]} g6 {[%emt 0:10:36]} 5. g3 {[%emt 0:0:40]} Bg7 {[%emt 0:0:53]} 6. Bg2 {[%emt 0:0:8]
} 0-0 {[%emt 0:0:50]} 7. 0-0 {[%emt 0:0:13]} Re8 {[%emt 0:0:0]} 8. d3 {[%emt 0:2:9]} e4 {[%emt 0:0:25]} 9. dxe4 {[%emt 0:1:15]} Nxe4 {[%emt 0:0:7]
} 10. Nxe4 {[%emt 0:5:12]} Rxe4 {[%emt 0:0:5]} 11. Ng5 {[%emt 0:4:44]
} Re7 {[%emt 0:14:11]} 12. Ne4 {[%emt 0:3:54]} h6 {[%emt 0:0:0]} 13. Bd2 {[%emt 0:6:57]} d6 {[%emt 0:2:41]} 14. Bc3 {[%emt 0:2:46]} Re8 {[%emt 0:18:22]} 15. Bxg7 {[%emt 0:7:19]} Kxg7 {[%emt 0:0:5]} 16. b4 {[%emt 0:1:15]
} Qe7 {[%emt 0:8:1]} 17. b5 {[%emt 0:7:55]} Nd8 {[%emt 0:0:0]} 18. a4 {[%emt 0:2:28]} Ne6 {[%emt 0:2:32]} 19. a5 {[%emt 0:1:28]} Rb8 {[%emt 0:0:51]
} 20. b6 {[%emt 0:3:8]} axb6 {[%emt 0:0:16]} 21. axb6 {[%emt 0:0:6]
} Rd8 {[%emt 0:9:46]} 22. bxc7 {[%emt 0:2:24]} Nxc7 {[%emt 0:0:0]} 23. Qd4+ {[%emt 0:5:16]} Qe5 {[%emt 0:0:12]} 24. Rfd1 {[%emt 0:1:4]
} Qxd4 {[%emt 0:4:5]} 25. Rxd4 {[%emt 0:0:10]} b5 {[%emt 0:1:56]} 26. Rxd6 {[%emt 0:17:7]} Rxd6 {[%emt 0:0:10]} 27. Nxd6 {[%emt 0:0:7]} bxc4 {[%emt 0:0:0]} 28. Nxc4 {[%emt 0:2:5]} Ba6 {[%emt 0:0:4]} 29. Ne5 {[%emt 0:2:34]} Bxe2 {[%emt 0:1:3]} 30. f4 {[%emt 0:0:10]} Ba6 {[%emt 0:2:33]} 31. Rc1 {[%emt 0:3:19]
} Ne8 {[%emt 0:0:53]} 32. Bd5 {[%emt 0:1:22]} f6 {[%emt 0:0:0]} 33. Nc6 {[%emt 0:2:15]} Rb5 {[%emt 0:0:40]} 34. Bf3 {[%emt 0:2:55]} Rb2 {[%emt 0:0:49]} 35. Nd8 {[%emt 0:3:28]} Rd2 {[%emt 0:0:58]} 36. Ne6+ {[%emt 0:0:27]
} Kf7 {[%emt 0:0:6]} 37. Nc5 {[%emt 0:4:46]} Bc8 {[%emt 0:0:0]} 38. Ne4 {[%emt 0:2:18]} 1/2-1/2

[Event "RUS-chT Premier 2021"]
[White "Sarana,Alexey"]
[Black "Rublevsky,Sergei"]
[WhiteTeam "Шахматная сборная Москвы"]
[BlackTeam "КПРФ"]
[Site "Sochi"]
[Round "2.23"]
[Annotator "ChessBase"]
[Result "1/2-1/2"]
[Date "2021.05.02"]
[WhiteElo "2649"]
[BlackElo "2642"]
[PlyCount "139"]
[TimeControl "60"]

1. d4 {[%emt 0:0:0]} d5 {[%emt 0:0:0]} 2. Nf3 {[%emt 0:0:0]} Nf6 {[%emt 0:0:0]
} 3. c4 {[%emt 0:0:0]} c6 {[%emt 0:0:0]} 4. Nc3 {[%emt 0:0:0]} dxc4 {[%emt 0:0:0]} 5. g3 {[%emt 0:0:21]} g6 {[%emt 0:0:0]} 6. Bg2 {[%emt 0:0:26]
} Bg7 {[%emt 0:0:7]} 7. 0-0 {[%emt 0:0:9]} 0-0 {[%emt 0:0:0]} 8. e4 {[%emt 0:0:6]} b5 {[%emt 0:0:50]} 9. Qe2 {[%emt 0:0:8]} b4 {[%emt 0:9:2]
} 10. Na4 {[%emt 0:6:2]} Qa5 {[%emt 0:18:52]} 11. Nc5 {[%emt 0:0:0]} Na6 {[%emt 0:2:20]} 12. e5 {[%emt 0:29:36]} Nd5 {[%emt 0:1:18]} 13. Qxc4 {[%emt 0:3:50]} Nxc5 {[%emt 0:33:20]} 14. Qxc5 {[%emt 0:0:40]} Qxc5 {[%emt 0:0:3]
} 15. dxc5 {[%emt 0:0:5]} Bf5 {[%emt 0:5:33]} 16. Nd4 {[%emt 0:7:46]
} Rac8 {[%emt 0:0:16]} 17. Re1 {[%emt 0:3:21]} Rfd8 {[%emt 0:0:0]} 18. Bg5 {[%emt 0:2:0]} h6 {[%emt 0:4:44]} 19. Bd2 {[%emt 0:4:15]} e6 {[%emt 0:3:51]} 20. a3 {[%emt 0:1:8]} a5 {[%emt 0:3:28]} 21. axb4 {[%emt 0:0:57]
} axb4 {[%emt 0:0:34]} 22. Ra5 {[%emt 0:3:54]} Bd3 {[%emt 0:0:0]} 23. h4 {[%emt 0:2:48]} Ne7 {[%emt 0:0:59]} 24. Nf3 {[%emt 0:1:19]} b3 {[%emt 0:0:46]
} 25. Ra7 {[%emt 0:2:23]} Nf5 {[%emt 0:4:9]} 26. Rb7 {[%emt 0:0:0]} Bc2 {[%emt 0:0:46]} 27. Bc3 {[%emt 0:3:24]} Bf8 {[%emt 0:0:47]} 28. g4 {[%emt 0:1:12]} Ne7 {[%emt 0:0:6]} 29. Nd4 {[%emt 0:1:12]} Nd5 {[%emt 0:0:0]} 30. Ba5 {[%emt 0:1:10]} Re8 {[%emt 0:3:27]} 31. Bxd5 {[%emt 0:3:50]} exd5 {[%emt 0:0:41]} 32. e6 {[%emt 0:5:35]} fxe6 {[%emt 0:1:41]} 33. Nxe6 {[%emt 0:0:1]
} Re7 {[%emt 0:0:19]} 34. Rxe7 {[%emt 0:2:4]} Bxe7 {[%emt 0:0:0]} 35. Nd4 {[%emt 0:0:42]} Bxc5 {[%emt 0:0:53]} 36. Nxc2 {[%emt 0:0:5]
} bxc2 {[%emt 0:0:12]} 37. Rc1 {[%emt 0:0:2]} Ra8 {[%emt 0:2:4]} 38. Bd2 {[%emt 0:2:24]
} Ra4 {[%emt 0:1:16]} 39. Rxc2 {[%emt 0:0:51]} Rxg4+ {[%emt 0:0:0]} 40. Kf1 {[%emt 0:0:0]} Rc4 {[%emt 0:0:0]} 41. Rxc4 {[%emt 0:1:15]} dxc4 {[%emt 0:1:30]} 42. Bxh6 {[%emt 0:0:2]} Bd4 {[%emt 0:2:8]} 43. Bc1 {[%emt 0:0:27]
} Bf6 {[%emt 0:2:36]} 44. Ke2 {[%emt 0:0:4]} Bxh4 {[%emt 0:0:0]} 45. Bd2 {[%emt 0:1:11]} Kf7 {[%emt 0:2:7]} 46. Ke3 {[%emt 0:4:19]} Kf6 {[%emt 0:14:41]} 47. f3 {[%emt 0:3:18]} Ke5 {[%emt 0:7:30]} 48. Bc3+ {[%emt 0:0:18]
} Kf5 {[%emt 0:1:18]} 49. Kd4 {[%emt 0:2:19]} Kf4 {[%emt 0:0:0]} 50. Kxc4 {[%emt 0:0:34]} Be7 {[%emt 0:0:3]} 51. b4 {[%emt 0:0:41]} Kxf3 {[%emt 0:0:22]} 52. Bd2 {[%emt 0:0:3]} Ke4 {[%emt 0:1:8]} 53. Bc1 {[%emt 0:2:9]
} Bd6 {[%emt 0:0:54]} 54. Bg5 {[%emt 0:0:4]} Kf5 {[%emt 0:0:0]} 55. Bd8 {[%emt 0:0:6]} Ke6 {[%emt 0:0:28]} 56. Bg5 {[%emt 0:0:6]} Be7 {[%emt 0:0:33]} 57. Bd2 {[%emt 0:0:6]} Kf5 {[%emt 0:0:26]} 58. Bc1 {[%emt 0:0:18]
} Ke5 {[%emt 0:0:58]} 59. Bd2 {[%emt 0:0:5]} Kd6 {[%emt 0:0:0]} 60. Bf4+ {[%emt 0:0:3]} Kd7 {[%emt 0:0:3]} 61. b5 {[%emt 0:0:39]} cxb5+ {[%emt 0:0:20]} 62. Kxb5 {[%emt 0:0:3]} Ke6 {[%emt 0:0:3]} 63. Kc4 {[%emt 0:0:5]
} Kf5 {[%emt 0:0:6]} 64. Bh6 {[%emt 0:0:8]} Bg5 {[%emt 0:0:0]} 65. Bf8 {[%emt 0:0:7]} Ke4 {[%emt 0:0:3]} 66. Kc3 {[%emt 0:0:22]} Bh4 {[%emt 0:1:13]} 67. Kd2 {[%emt 0:0:17]} Kf3 {[%emt 0:0:4]} 68. Kd1 {[%emt 0:1:1]
} Kf2 {[%emt 0:0:31]} 69. Bc5+ {[%emt 0:0:8]} Kf1 {[%emt 0:0:0]} 70. Be3 {[%emt 0:0:11]} 1/2-1/2